Bienvenue au Catalogue en Ligne des Bibliothèques de l'Universite du Burundi

L'homme dans l'entreprise (Record no. 54094)

000 -GUIDE
Champ de contrôle de longueur fixe 00812nam a22002537a 4500
003 - IDENTITÉ DU NUMÉRO DE CONTRÔLE
Champ de contrôle BI-BuBU
008 - ÉLÉMENTS DE LONGUEUR FIXE - RENSEIGNEMENTS GÉNÉRAUX
Champ de contrôle de longueur fixe 260625b1969 fr ||||| |||| 00| 0 fre d
037 ## - SOURCE D'ACQUISITION
Numéro d'inventaire 28122
Source d'acquisition et du numéro d'inventaire Fact. AMP. n° 2093 du 13.5.1970 FB 92 = 1 ex.
039 ## - NIVEAU DE CONTRÔLE BIBLIOGRAPHIQUE ET HISTORIQUE D'ENCODAGE [OBSOLETE]
Date creation 20260625132815.0
Nom catalographe Constance Niyimpa
040 ## - SOURCE DU CATALOGAGE
Organisme qui a effectué le catalogage original BI-BuBU
Code de la langue utilisée dans le catalogage fre
Organisme qui a effectué la transcription BI-BuBU
Organisme qui a effectué la modification BI-BuBU
041 0# - CODE DE LANGUE
Code de langue du texte/de la piste sonore ou du titre distinct fre
080 ## - INDICE DE LA CLASSIFICATION DÉCIMALE UNIVERSELLE (CDU)
Indice de la Classification décimale universelle 658.3
100 1# - VEDETTE PRINCIPALE - NOM DE PERSONNE
Code de relation aut.
Nom de personne Denis, R.
245 12 - MENTION DU TITRE
Titre L'homme dans l'entreprise
Mention de responsabilité, etc. R. et S. Denis, préf. de P. Archambeaud.
260 ## - PUBLICATION, DIFFUSION, ETC. (ADRESSE BIBLIOGRAPHIQUE)
Lieu de publication, diffusion, etc. Paris
Nom de l'éditeur, diffuseur, etc. Dunod
Date of publication, distribution, etc 1969
300 ## - DESCRIPTION MATÉRIELLE
Collation XII-107 p.
Dimensions 18 cm.
440 ## - MENTION DE COLLECTION / VEDETTE SECONDAIRE DE TITRE
Titre Dunod économie
Nom de la partie/section du document la vie de l'entreprise
Numéro de volume et/ou désignation d'ordre séquentiel 28
650 #7 - VEDETTE-MATIÈRE - NOM COMMUN
Source du terme BI-BuBU
Vedette de sujet ou vedette comportant un nom géographique Travailleur : Entreprise
650 #7 - VEDETTE-MATIÈRE - NOM COMMUN
Source du terme BI-BuBU
Vedette de sujet ou vedette comportant un nom géographique Entreprise : Travailleur
655 #7 - TERME D'INDEXATION - GENRE OU FORME
Source du terme BI-BuBU
Données ou terme dominant sur le genre ou la forme Book
700 1# - VEDETTE SECONDAIRE - NOM DE PERSONNE
Code de relation aut.
Nom d'auteur Denis, S.
700 1# - VEDETTE SECONDAIRE - NOM DE PERSONNE
Code de relation préf.
Nom d'auteur Archambeaud, P.
942 ## - ÉLÉMENTS D'ENTRÉE ADDITIONNELLE (KOHA)
Source de la classification ou du système de rangement
Type d item koha BOOK
Holdings
Statut de retrait Statut de perte Source de la classification ou du système de rangement Statut de déterioration Exclu du prêt Numéro d item Koha Localisation permanente Localisation actuelle Date d'acquisition Source d'acquisition Nombre de prêts Cote Code-barres Date last seen Prix / coût de remplacement Prix en vigueur à partir du Type d item koha Numero d'inventaire
          85961 Bibliothèque de la Faculté des Sciences Économiques et Administratives Bibliothèque de la Faculté des Sciences Économiques et Administratives 25/06/2026 Achat   658.3 DEN. 5010000692155 25/06/2026 0.00 25/06/2026 BOOK 28122
© 2019-2026 - Bibliothèques de l'Université du Burundi |Tous droits réservés
home | Pour toute information urgente Contactez nous | tel whatsupp: +25779204313